00790nam a2200241 a 450000100060000000300080000600500170001400800410003103500190007204000320009104100080012308200270013110000160015824500680017425000120024226000310025430000290028549000440031450000950035865000350045370000290048883000310051773297BD-RjUL20211209082356.0170530s1959 enk 001 0 eng d a(BD-RjUL)73515 aUKMcUKMdEQOdBD-RjULbeng aeng04a621.3133223bSLP 19591 aSluckin, W.10aPrinciples of alternating currents /cW Sluckin and J R Greener a2nd ed. bCleaver-Hume Press,c1959. a338 p. :bill. ;c20 cm. aCleaver-Hume electrical series, vno. 3 aWith answers to numerical questions. Previous ed. (B51-13734), by Wladyslaw Sluckin, 1951. aElectric currents, Alternating1 aGreener, John Rochester. 0aElectrical series ;vno. 3